| 000 | 00986nam a2200241 i 4500 | ||
|---|---|---|---|
| 001 | 162104 | ||
| 003 | ES-MaACL | ||
| 005 | 20230906212428.0 | ||
| 008 | 020814s1888 fr |||| | fre d | ||
| 040 |
_aCCPB | B _bspa _cCCPB | B |
||
| 100 | 1 |
_aPiderit, Th. _9131140 |
|
| 245 | 1 | 3 |
_aLa mimique et la physiognomonie / _cpar Th. Piderit ; traduit de l'allemand d'aprés la deuxième édition par A. Girot. |
| 260 |
_aParis : _bancienne librairie Germer Baillière et C\pie\s, Félix Alcan, éditeur :, _c1888. |
||
| 300 |
_aVII, 280 p. ; _c22 cm. |
||
| 490 | 1 | _aBibliothèque de philosophie contemporainé | |
| 650 | 4 |
_aGestos. _9136185 |
|
| 650 | 4 |
_aFisionomía. _9136124 |
|
| 700 | 1 |
_aGirot, A. _9127339 |
|
| 830 | 0 |
_aBibliothèque de philosophie contemporainé _9181027 |
|
| 852 |
_aES-MaACL _jB-7026 _z-- Enc. pasta española _x-- Edic.: añadir en T260 (Tours : E. Arrault et C.) -- Completar encabezamiento, Piderit, Theodor |
||
| 999 |
_c162104 _d162104 |
||